Dj No Pare REMIX - Justin Quiles, Lenny Tavárez, Dalex, Farruko... - Estadísticas

Estadísticas generales
  • Esta prueba ha sido intentada 77 veces
  • La puntuación promedio es 187 de 603
Estadísticas de respuestas
Letra % Correcto
Dj
100%
DJ
100%
no
100%
pa
100%
Pa
100%
pare
100%
a
67%
el
67%
Él
67%
la
67%
La
67%
las
67%
Las
67%
le
67%
lo
67%
los
67%
me
67%
mi
67%
remix
67%
si
67%
Si
67%
67%
te
67%
Te
67%
ti
67%
y
67%
Y
67%
al
33%
aquí
33%
como
33%
dale
33%
Dale
33%
dar
33%
darle
33%
de
33%
del
33%
disco
33%
Dónde
33%
ella
33%
En
33%
is
33%
les
33%
nos
33%
por
33%
Que
33%
que
33%
se
33%
Se
33%
33%
sin
33%
sube
33%
tiene
33%
to
33%
33%
yo
33%
100
0%
abajo
0%
acaba
0%
adueño
0%
agarra
0%
ah
0%
ahora
0%
ahorita
0%
aprieta
0%
Así
0%
aunque
0%
baby
0%
baile
0%
bailes
0%
bandidez
0%
bellaquean
0%
bien
0%
boba
0%
booty
0%
boten
0%
canción
0%
canta
0%
cartera
0%
colaboran
0%
combi
0%
con
0%
conoce
0%
criminal
0%
detrás
0%
dice
0%
diez
0%
digo
0%
Dile
0%
disimulo
0%
dueña
0%
eres
0%
es
0%
Es
0%
ese
0%
está
0%
esta
0%
Estacionen
0%
están
0%
este
0%
esto
0%
estreno
0%
fin
0%
Freakytona
0%
frenos
0%
fuman
0%
Hasta
0%
hasta
0%
hay
0%
Hazte
0%
hora
0%
hotel
0%
Hoy
0%
iguales
0%
imitarte
0%
janguear
0%
jumper
0%
llenas
0%
lucir
0%
luego
0%
madrugada
0%
mal
0%
mala
0%
mami
0%
mañana
0%
marihuana
0%
matando
0%
miedo
0%
mirar
0%
muchas
0%
muévelo
0%
mujeres
0%
mundo
0%
nena
0%
nenas
0%
Nené
0%
noche
0%
nunca
0%
Oh
0%
Ojalá
0%
Olvidando
0%
olvidó
0%
oscuro
0%
Otro
0%
pago
0%
pagué
0%
pantalón
0%
party
0%
pena
0%
perdón
0%
perdona
0%
pero
0%
perrié
0%
Pide
0%
ponga
0%
pongo
0%
Pónsela
0%
Ponte
0%
ponte
0%
póntele
0%
puro
0%
quede
0%
quiere
0%
Quiere
0%
quiero
0%
repítelo
0%
reporten
0%
roce
0%
rompe
0%
sale
0%
Salí
0%
sata
0%
Sech
0%
seis
0%
semana
0%
siga
0%
sigue
0%
sola
0%
solo
0%
soltera
0%
solteras
0%
somos
0%
sonar
0%
soy
0%
sueltes
0%
Suena
0%
sueno
0%
sus
0%
taco
0%
tarde
0%
termina
0%
terreno
0%
the
0%
This
0%
tiro
0%
todas
0%
todo
0%
toque
0%
Trago
0%
traje
0%
Tratan
0%
tres
0%
Tres
0%
tuya
0%
twerkean
0%
un
0%
Una
0%
una
0%
vacilón
0%
vamos
0%
Vamos
0%
van
0%
vaya
0%
vehículos
0%
viernes
0%
voy
0%
ya
0%
No se encontraron pruebas coincidentes
Distribución de puntuación
Porcentaje de gente con cada puntuación
Porcentaje por número respondido
Historial de tus puntuaciones
No has intentado esta prueba.